Statystyki dla Rzędy ssaków

Kliknij tutaj aby rozwiązać quiz!

Ogólne statystyki

  • Ten quiz został rozwiązany 140 razy
  • Średni wynik to 4 z 29

Statystyki odpowiedzi

Liczba gatunkówPrzedstawicieleRząd% Poprawnych
2427mysz, chomik, kapibaraGryzonie
91%
463człowiek, gibon, pawianNaczelne
56%
251dzik, koza, wielbłądParzystokopytne
50%
19koń, tapir, nosorożecNieparzystokopytne
36%
5dziobak, kolczatkaStekowce
32%
1250mroczek, rudawkaNietoperze
30%
297lew, borsuk, morsDrapieżne
26%
90delfin, kaszalotWalenie
23%
92królik, szczekuszkaZajęczaki
12%
4manat, diugońBrzegowce
11%
3słońTrąbowce
9%
8pangolinŁuskowce
8%
1mrównikRurkozębne
3%
2lotokotSkóroskrzydłe
3%
1torbikTorbikowce
3%
452kret, almikRyjówkokształtne
3%
140kangur, wombat, pałankaDwuprzodozębowce
3%
10leniwiec, mrówkojadWłochacze
2%
24afrojeżJeżokształtne
2%
55tenrek, złotokretAfrosorkowce
2%
101japok, oposDydelfokształtne
2%
2kretowórKretoworokształtne
2%
22bolitaPancernikowce
1%
18wielkouchJamrajokształtne
1%
4góralekGóralkowce
1%
77mrówkożer, myszowórNiełazokształtne
1%
20tupajaWiewióreczniki
1%
19sorkonosRyjkonosowe
0%
7zbójnikSkąpoguzkowce
0%

Rozkład punktacji

Percentyl według liczby udzielonych odpowiedzi

Procent ludzi z każdym wynikiem

Twoja historia wyników

Nie rozwiązałeś tego quizu